00468 2200181 4500001002100000005001500021008004100036020002200077035001900099041000700118082000800125090001400133100001900147245004600166260003000212300002900242650001500271INLIS00000000000784720241224113536241224||||||||| | ||| |||| || |  a978-979-066-856-0 0010-1224007847 aid0 a813 a813 NEL k0 aNelfi Syafrina00aKanis's Dream: Rahasia Unik Bekicot Lezat aBandungbDar! Mizanc2012 a196 hlm.; ilus.: 19,5 cm 0afiksi anak